Statistics for Ancient Greek Words

Click here to take the quiz!

General Stats

  • This quiz has been taken 31,544 times
  • The average score is 15 of 24

Answer Stats

Greek English % Correct
DermaSkin
86%
HeliosSun
83%
TaurosBull
83%
ChronosTime
80%
BiblionBook
77%
AndrosMan
76%
DekaTen
74%
PhobosFear
74%
KleptoSteal
73%
TheosGod
70%
KardiaHeart
69%
BiosLife
68%
PharmakonDrug
62%
PolisCity
61%
HomosSame
59%
MikrosSmall
58%
DodekaTwelve
56%
XenosForeign
55%
PhileoLove
52%
Ofthalm├│sEye
47%
IchthusFish
40%
SophiaKnowledge
40%
TeleDistant
34%
GymnosNaked
20%

Score Distribution

Percentile by Number Answered

Percent of People with Each Score

Your Score History

You have not taken this quiz